Kraje najbliżej Burkina Faso z mapą - Jedna Minuta Sprint - Statystyki

Ogólne statystyki
  • Ten quiz został rozwiązany 85 razy
  • Średni wynik to 13 z 20
Odpowiedzi na mapie
Odpowiedzi zakodowano w zielono-czerwonej skali na mapie do tego quizu, zgodnie z poniższymi procentami.
 
Statystyki odpowiedzi
kraj % Poprawnych
Niger
100%
Nigeria
97%
Togo
94%
Mali
93%
Ghana
84%
Benin
82%
Mauretania
75%
Senegal
74%
Liberia
71%
Gwinea
68%
Sierra Leone
68%
Czad
65%
Algieria
63%
Côte d'Ivoire
56%
Kamerun
53%
Gwinea-Bissau
51%
Gambia
49%
Maroko
44%
Gwinea Równikowa
24%
Wyspy Świętego Tomasza i Książęca
7%
Nie znaleziono quizów pasujących do podanych kryteriów
Rozkład punktacji
Procent ludzi z każdym wynikiem
Percentyl według liczby udzielonych odpowiedzi
Twoja historia wyników
Nie rozwiązałeś tego quizu